| 000 | 00000nam##2200000za#4500 |
| 001 | 9.638254 |
| 003 | CaOODSP |
| 005 | 20240209132622 |
| 007 | cr ||||||||||| |
| 008 | 150407|2003||||xxc|||||o f|0| 0 fre|d |
| 040 | |aCaOODSP|bfre |
| 043 | |an-cn--- |
| 086 | 1 |aAC5-6/2003F-PDF |
| 110 | 2 |aAgence de promotion économique du Canada atlantique. |
| 245 | 10|aProfil des sociétés étrangères au Canada atlantique / |h[ressource électronique]|c[publié par] le Conseil économique des provinces de l'Atlantique. |
| 260 | |aMoncton - Nouveau-Brunswick : |bAgence de promotion économique du Canada atlantique |cMars 2003. |
| 300 | |a41p.|bcarte en couleur, glossaire, graphiques, tableaux |
| 500 | |a«L’Agence de promotion économique du Canada atlantique (APECA) a appuyé financièrement la recherche par l’intermédiaire de la Mesure de recherche stratégique visant la région de l'Atlantique (MRSRA).»--Page 4 sur 41. |
| 590 | |a10-15-Supp|b2010-12-10 |
| 691 | 07|aInvestissement étranger|2gcpds |
| 775 | 08|tA profile of foreign firms in Atlantic Canada / |w(CaOODSP)9.694054 |
| 856 | 40|ahttp://publications.gc.ca|qPDF|s283 Ko|uhttps://publications.gc.ca/collections/collection_2010/apeca-acoa/AC5-6-2003-fra.pdf |